| 000 | 00562nam a2200193Ia 4500 | ||
|---|---|---|---|
| 005 | 20250522103648.0 | ||
| 008 | 240822s9999 xx 000 0 und d | ||
| 020 |
_a9789352876259 _qhbk |
||
| 041 | _aeng | ||
| 082 |
_a302.35 _bRAY |
||
| 100 | _aRay, Prasanta | ||
| 245 | 0 |
_aTrust in Transactions (Hb) _c/ Prasanta Ray |
|
| 250 | _a1st edition | ||
| 260 |
_bOrent Blackswan _cc2019 _aHyderabad |
||
| 300 |
_a308 p. _c22 cm. |
||
| 504 | _aindex | ||
| 650 | _atheotrical engagement ; ,sites and situation ; Trust Economic aspects India. | ||
| 942 | _cENGLISH | ||
| 999 |
_c527172 _d527172 |
||